5HLuxD.jpg

KING HENRY VIII SENIOR AND PRIMARY SCHOOL LIBRARY OPAC

The dragonfly pool / (Record no. 3975)

000 -LEADER
fixed length control field 01172nam a22002177a 4500
005 - DATE AND TIME OF LATEST TRANSACTION
control field 20241127105131.0
008 - FIXED-LENGTH DATA ELEMENTS--GENERAL INFORMATION
fixed length control field 241127b ||||| |||| 00| 0 eng d
020 ## - INTERNATIONAL STANDARD BOOK NUMBER
International Standard Book Number 9781447265658
040 ## - CATALOGING SOURCE
Transcribing agency KH8
082 ## - DEWEY DECIMAL CLASSIFICATION NUMBER
Classification number 823.914 IBB
100 ## - MAIN ENTRY--PERSONAL NAME
Personal name Ibbotson, Eva
Relator term Author
245 ## - TITLE STATEMENT
Title The dragonfly pool /
Statement of responsibility, etc. Eva Ibbotson
260 ## - PUBLICATION, DISTRIBUTION, ETC.
Place of publication, distribution, etc. London,
Name of publisher, distributor, etc. Macmillan Children's Books,
Date of publication, distribution, etc. 2014
300 ## - PHYSICAL DESCRIPTION
Extent 384 pages ;
Dimensions 20 cm
520 ## - SUMMARY, ETC.
Summary, etc. "At first Tally doesn't want to go to the boarding school called Delderton. But she soon discovers that it is a wonderful place where freedom and self expression are valued. Tally organizes a ragtag dance troupe so the school can participate in an international folk dancing festival in Bergania in the summer of 1939. There she befriends Karil, the crown prince, who would love nothing more than to have ordinary friends and attend a school like Delderton. When Karil's father is assassinated, it is up to Tally and her friends to help Karil escape the Nazis and the bleak future he has inherited"--Publisher
521 ## - TARGET AUDIENCE NOTE
Target audience note Adventure stories
650 ## - SUBJECT ADDED ENTRY--TOPICAL TERM
Topical term or geographic name entry element 1939-1945
650 ## - SUBJECT ADDED ENTRY--TOPICAL TERM
Topical term or geographic name entry element Adventure
650 ## - SUBJECT ADDED ENTRY--TOPICAL TERM
Topical term or geographic name entry element Boarding schools
942 ## - ADDED ENTRY ELEMENTS (KOHA)
Source of classification or shelving scheme
Koha item type Books - Non Ficton
Holdings
Withdrawn status Lost status Source of classification or shelving scheme Damaged status Not for loan Collection code Permanent Location Current Location Shelving location Date acquired Total Checkouts Full call number Barcode Date last seen Date last checked out Price effective from Koha item type
          Non-Fiction KH8 Primary School Library KH8 Primary School Library Non Fiction 2024-11-27 3 823.914 IBB KHPL000004674 2025-12-05 2025-11-26 2024-11-27 Books - Non Ficton

Powered By KH8 IT Dept